1232 1512 1493 1673 1884 1763 1940 1173 1175 1794 1749 1747 1526 2000 1363 1934 1244 1222 1456 1915 1916 1927 1272 1623 1326 1458 1921 1971 1763 1948 1665 1722 1326 1646 1839 1121 1236 1609 1147 1956 1649 1549 1618 1014 1488 1506 1843 1061 1172 1951 1266 1765 1119 1011 1605 1741 1380 1822 1808 1377 1799 1449 1111 1810 1217 1293 1832 1988 1431 1217 1967 1290 1247 1344 1949 1351 1606 1388 1311 2000 1959 1012 1351 1741 2000 1819 1916 1313 1221 1218 1379 1917 1370 1702 1504 1210 1995 1252 1222 BCNSPRNW ULIB Ver.6.0+V

เปลี่ยนเป็นภาษาไทย

Change to English
 แสดงรายละเอียดบรรณานุกรม
  กลับหน้าหลัก

Brief Record : Get Marc (ISO 2709) : E-mail record : QR code < ปิดหน้าต่าง
LEADER : 00000nam 2200000uu 4500
001    13399122127
003     ULIB
008    020711s2553 th a 000 0 tha d
020    9786165080897
099    น.ก282ช
100    กฤษณา อโศกสิน
245    ชาวกรง
260    กรุงเทพฯ :^bแสงดาว,^c2553
300    424 หน้า
945    ^p280^l0^i028092
รายการนี้ยังไม่มีแท็ก
คุณยังไม่ได้ล็อกอิน คุณสามารถมีกิจกรรมร่วมกับเว็บไซต์ได้ แต่ต้องล็อกอินก่อน ::
  ล็อกอิน

รายการสื่อสารสนเทศ

ลำดับที่ ประเภท เลขเรียก/บาร์โค้ด สถานที่ สถานะ
1. นวนิยาย
นวนิยาย
น.ก282ช  
  Barcode: 028092
ห้องสมุดวิทยาเขตสวรรค์ประชารักษ์
►นวนิยาย
บนชั้น
  ขอยืม

รายการใกล้เคียง
    ผู้แต่ง [กฤษณา อโศกสิน]

BibComment


ยังไม่เคยถูกคอมเมนท์

คอมเมนท์ทรัพยากรรายการนี้
  คอมเมนท์: ชาวกรง


 Copyright 2026. Bcnsprnw @Library